banner-ar

مصر فى القرن العشرين : (Record no. 59965)

MARC details
000 -الفاتح
حقل البيانات ثابتة الطول 01822nam a22003377a 4500
005 - وقت وتاريخ اخر تعامل مع التسجيلة
رقم الضبط 20240530110345.0
008 - عناصر البيانات ثابتة الطول - معلومات عامة
حقل البيانات ثابتة الطول 141203s2002 ua frj 000 0 ara d
017 ## - رقم الايداع القانونى
رقم الايداع القانونى 9131/2002
المصدر ( الهيئة المختصة) مصر . دار الكتب المصرية
020 ## - الرقم الدولى المعيارى للكتب
الرقم الدولى المعيارى للكتاب 9771802178
040 ## - مصدر الفهرسة
وكالة الفهرسة الأصلية EG-CaGPL
041 0# - رمز اللغة
رمز لغة النص/ المسارات الصوتية أو العنوان الانفرادي ara
082 04 - رقم تصنيف ديوى العشرى
رقم الطبعة 21
رقم التصنيف 962/
رقم المادة ق/ر م
100 0# - المدخل الرئيسى - إسم شخصى
الترقيم رءوف عباس حامد
الدور مشرف ومقدم
245 1# - بيان العنوان
العنوان مصر فى القرن العشرين :
بقية العنوان مختارات من الوثائق السياسية /
بيان المسئوليه,etc اشراف وتتقديم رءوف عباس حامد ، محمد صابر عرب
رقم الجزء/قسم العمل 2 مج
250 ## - بيان الطبعة
بيان الطبعة ط1
260 ## - PUBLICATION, DISTRIBUTION, ETC. (IMPRINT)
تاريخ النشر أو التوزيع 2002
300 ## - الوصف المادى
التعداد 2 مج ؛
أبعاد الوعاء 28 سم
651 04 - المدخل الاضافى بالموضوع - اسم جغرافى
الاسم الجغرافي مصر
التقسيم الفرعي العام تاريخ
التقسيم الفرعي الزمني العصر الحديث
651 04 - المدخل الاضافى بالموضوع - اسم جغرافى
الاسم الجغرافي مصر
التقسيم الفرعي العام تاريخ
التقسيم الفرعي الزمني العصر الحديث
-- ثورة 1919 م
651 04 - المدخل الاضافى بالموضوع - اسم جغرافى
الاسم الجغرافي مصر
التقسيم الفرعي العام تاريخ
التقسيم الفرعي الزمني العصر الحديث
-- الثورة الوطنية 1935 م
651 04 - المدخل الاضافى بالموضوع - اسم جغرافى
الاسم الجغرافي مصر
التقسيم الفرعي العام تاريخ
-- وثائق
التقسيم الفرعي الزمني العصر الحديث
651 04 - المدخل الاضافى بالموضوع - اسم جغرافى
الاسم الجغرافي مصر
التقسيم الفرعي العام تاريخ
التقسيم الفرعي الزمني العصر الحديث
-- الاحتلال البريطانى ( 1882 -1956 م )
651 04 - المدخل الاضافى بالموضوع - اسم جغرافى
الاسم الجغرافي مصر
التقسيم الفرعي العام تاريخ
التقسيم الفرعي الزمني العصر الحديث
-- معاهدة 1936 م
651 04 - المدخل الاضافى بالموضوع - اسم جغرافى
الاسم الجغرافي مصر
التقسيم الفرعي العام تاريخ
-- الاستقلال والحكم الملكى
التقسيم الفرعي الزمني العصر الحديث
651 04 - المدخل الاضافى بالموضوع - اسم جغرافى
الاسم الجغرافي مصر
التقسيم الفرعي العام تاريخ
التقسيم الفرعي الزمني العصر الحديث
-- محمد نجيب ( 1952 - 1954 م )
651 04 - المدخل الاضافى بالموضوع - اسم جغرافى
الاسم الجغرافي مصر
التقسيم الفرعي العام تاريخ
التقسيم الفرعي الزمني العصر الحديث
-- جمال عبدالناصر ( 1954 -1970 م )
651 04 - المدخل الاضافى بالموضوع - اسم جغرافى
الاسم الجغرافي مصر
التقسيم الفرعي العام تاريخ
التقسيم الفرعي الزمني العصر الحديث
-- انور السادات ( 1971 1981 م )
700 0# - المدخل الاضافى - اسم شخصى
الإسم الشخصى محمد صابر عرب
الدور مشرف ومقدم مشارك
942 ## - عناصر المدخل الإضافي( كوها)
مصدر التصنيف او مخطط الترفيف Dewey Decimal Classification
Koha [default] item type كتاب
260 ## - PUBLICATION, DISTRIBUTION, ETC. (IMPRINT)
-- القاهرة :
-- مطبعة دار الكتب والوثائق القومية بالقاهرة ،
Holdings
حالة التراجع حالة الفقد حالة تلف ليس للاعارة المكان المؤقت الموقع الحالى تاريخ الاكتساب اجمالي اﻻعارات رقم الطلب الباركود تاريخ اخر مشاهدة تاريخ تفعيل السعر نوع وعاء كوها
        مكتبة القاهرة الكبرى مكتبة القاهرة الكبرى 12/03/2014   962/ ق/ر م 158931 12/03/2014 12/03/2014 كتاب

Powered By

EGPV